| 000 | 00711nam a2200217Ii 4500 | ||
|---|---|---|---|
| 003 | JO-AjNU | ||
| 008 | 230605s9999||||xx |||||||||||||| ||und|| | ||
| 017 | _a2009/11/4718 | ||
| 040 |
_aJO-AjNU _bara _erda _cJO-AjNU |
||
| 041 | _aara | ||
| 050 | 1 | 4 | _aBP161.2.F83 2009 |
| 100 | 3 |
_aزكريا، فؤاد, _eauthor _956776 |
|
| 245 | 0 | 0 | _aالصحوة الإسلامية في ميزان العقل |
| 250 | _aط1 | ||
| 264 | 3 | 1 | _aعمان: وزارة الثقافة، 2009 |
| 300 | _a214ص | ||
| 336 |
_atext _btxt _2rdacontent |
||
| 337 |
_aunmediated _bn _2rdamedia |
||
| 338 |
_avolume _bnc _2rdacarrier |
||
| 650 | 4 |
_aالصحوة الاسلامية- الاسلام والاصلاح السياسي _956777 |
|
| 999 |
_aA25404 _c28972 _d28972 |
||